00944nam a2200253 i 4500001000700000003000900007005001700016007000300033008004100036100003300077245013600110250001200246260003300258300003000291490003500321651003400356651003100390700002900421700002400450830004300474852003200517999001900549952012200568133269ES-MaACL20230906194348.0t|070214s1971 sp r ||||1| spa d1 aRubió Lois, Jordi.910042510aTierra y hombres b: temas geográficos e históricos de España /c[dirección J. Rubió Lois, J. Ruiz Calonja, J. Ballbé]. a1ª ed. aBarcelona : bTeide, c1971. a127 p. : bil. ; c30 cm.1 aLibros de consulta Teide ; v5 4aEspaña-xGeografía.98200 4aEspaña-xHistoria.982091 aRuiz Calonja, J.91006851 aBallbé, J.9249830 aLibros de consulta Teide ; v59219715 aES-MaACLjC-41410 bR.79399 c133269d133269 00104070aATENEOMbATENEOMcDEPO2d2008-01-17eSCl0oC-41410p1138735r2023-02-23 00:00:00w2023-02-23yMONOGRAFIA